00694nam a2200241 i 4500001000300000100002700003245008600030260003900116300004200155504001200197650001400209655001800223700001700241020001500258040000800273041000700281080002000288920001800308942000700326008004100333999001700374952006100391bg1 aPETERSON, Michael Todd10a3D Studio MAX 3 fundamentals /cMichael Todd Peterson ; cover art by Steve Burke. aIndianapolis :bNew Riders,c1999. aXV, 574 s. :bil. ;c23 cm +eCD ROM. aIndeks. 9a3D Studio aPodręczniki1 aBURKE, Steve a0735700494 cBPK0 aen a004.42:004.4'27 a0-7357-0049-4 cKS s pl f |000 0 pol  c36863d36863 00104070aBPKbBPKcwo52196p01489736q2027-05-09yKS